00923nam a2200253 a 450000100100000000500170001000800410002702000150006804000250008308200150010810000330012324501130015626000350026930000210030449000150032565000290034065000500036965000320041965000300045183000210048191000370050295201130053999900170065200004242620250429112052.0131129s1995 sp 000 0 spa d a8433913956 aDO-SdBNPbspacBNPHU a930bG216a1 aGarcía Gual, Carlos92190913aLa Antigüedad novelada :blas novelas históricas sobre el mundo griego y romano /cCarlos García Gual. aBarcelona, :bAnagrama,c1995. a276 p. ;c23 cm.1 aArgumentos 0aHistoria antigua 918158 4aNovela historicaxHistoria y crítica969556 4aGrecia en literatura969557 4aRoma en literatura969558 0aArgumentos98962 aValidado. Control de calidad MFF 001050718MOaGRbGRcHDd2013-11-29iLF1l0o930 G216ap42426-10r2020-06-25w2020-06-25y1ZNo se presta c41915d41915